| 000 | 00000nam##2200000za#4500 |
| 001 | 9.680631 |
| 003 | CaOODSP |
| 005 | 20240209132636 |
| 007 | ta |
| 008 | 150407|1998||||xxc||||| f|0| 0 fre|d |
| 020 | |a0-662-83386-4 |
| 040 | |aCaOODSP|bfre |
| 043 | |an-cn--- |
| 086 | 1 |aC89-4/53-1998F |
| 110 | 2 |aAgence de promotion économique du Canada atlantique. |
| 245 | 10|aPerspectives comparatives du développement régional, le 31 mars 1998 / |cPréparé par J. D. McNiven et J. E. Plumstead, North American Policy Group. |
| 260 | |aMoncton - Nouveau-Brunswick : |bAgence de promotion économique du Canada atlantique |c1998. |
| 300 | |a86p. ; |c28 cm. |
| 500 | |a«Nous tentons modestement, par le présent rapport, d'évaluer dans une certaine mesure où se situe l'expérience canadienne du développement régional dans un contexte international.»--Page 3. |
| 520 | 3 |aNous tentons modestement, par le présent rapport, d'évaluer dans une certaine mesure où se situe l'expérience canadienne du développement régional dans un contexte international.--Page 3 |
| 563 | |aReliure à anneaux |
| 590 | |a99-02|b1999-01-15 |
| 691 | 07|aDéveloppement régional|2gcpds |
| 720 | 1 |aMcNiven, J. D. |
| 720 | 1 |aPlumstead, J. E. |
| 775 | 08|tComparative perspectives on regional development, March 31, 1998 / |w(CaOODSP)9.647206 |
| 776 | 0#|tPerspectives comparatives du développement régional / |w(CaOODSP)9.639367 |